00580nam a2200205 4500003001100000005001700011008004100028020001500069040003900084041000800123082001300131100001700144245003600161250002400197260002500221650001900246942000700265952008700272999001500359LK-CoMWRAF20230906203317.0230906b1998 |||||||| |||| 00| 0 eng d a0721415423 aLK-CoMWRAFdLK-CoMWRAFeLK-CoMWRAF aeng a823bDAL aDaly, Audrey aFavorite tales hensel & gretel  aBoard book edition  bLadybird booksc1998 aChildren story cBK 00104070aMAINbMAINd2023-09-06l0o823 DALpRAF873r2023-09-06w2023-09-06yBK c3434d3434